Bailey and Scott's Diagnostic microbiology : (Record no. 4351)

000 -LEADER
fixed length control field 00988cam a2200277 i 4500
003 - CONTROL NUMBER IDENTIFIER
control field OSt
005 - DATE AND TIME OF LATEST TRANSACTION
control field 20220323054332.0
008 - FIXED-LENGTH DATA ELEMENTS--GENERAL INFORMATION
fixed length control field 771223s1978 mouaf b 001 0 eng
020 ## - INTERNATIONAL STANDARD BOOK NUMBER
International Standard Book Number 0801604214
040 ## - CATALOGING SOURCE
Transcribing agency DLC
050 00 - LIBRARY OF CONGRESS CALL NUMBER
Classification number QR46
Item number .B26 1978
060 ## - NATIONAL LIBRARY OF MEDICINE CALL NUMBER
Classification number QW25 B156d
100 1# - MAIN ENTRY--PERSONAL NAME
Personal name Bailey, W. Robert
Dates associated with a name 1917-
245 10 - TITLE STATEMENT
Title Bailey and Scott's Diagnostic microbiology :
Remainder of title a textbook for the isolation and identification of pathogenic microorganisms.
250 ## - EDITION STATEMENT
Edition statement 5th ed. /
Remainder of edition statement Sydney M. Finegold, William J. Martin, Elvyn G. Scott.
260 ## - PUBLICATION, DISTRIBUTION, ETC.
Place of publication, distribution, etc. Saint Louis :
Name of publisher, distributor, etc. C. V. Mosby,
Date of publication, distribution, etc. c1978.
300 ## - PHYSICAL DESCRIPTION
Extent xiii, 514 p., [4] leaves of plates :
Other physical details ill. ;
Dimensions 26 cm.
504 ## - BIBLIOGRAPHY, ETC. NOTE
Bibliography, etc. note Includes bibliographies and index.
650 #0 - SUBJECT ADDED ENTRY--TOPICAL TERM
Topical term or geographic name entry element Diagnostic microbiology.
650 #2 - SUBJECT ADDED ENTRY--TOPICAL TERM
Topical term or geographic name entry element Microbiology
General subdivision Laboratory manuals.
700 1# - ADDED ENTRY--PERSONAL NAME
Personal name Finegold, Sydney M.,
Dates associated with a name 1921-
700 1# - ADDED ENTRY--PERSONAL NAME
Personal name Martin, William Jeffery,
Dates associated with a name 1932-
700 1# - ADDED ENTRY--PERSONAL NAME
Personal name Scott, Elvyn G.
906 ## - LOCAL DATA ELEMENT F, LDF (RLIN)
a 7
b cbc
c orignew
d 1
e ocip
f 19
g y-gencatlg
942 ## - ADDED ENTRY ELEMENTS (KOHA)
Source of classification or shelving scheme
Koha item type Book
Holdings
Withdrawn status Lost status Source of classification or shelving scheme Damaged status Not for loan Permanent Location Current Location Shelving location Date acquired Source of acquisition Total Checkouts Full call number Barcode Date last seen Price effective from Koha item type Public note
          AU LIBRARY AU LIBRARY Open Shelf 23.03.2022 DONATION FROM MOI UNIVERSITY   QR46 .B26 1978 28006485 23.03.2022 23.03.2022 Book SM

Powered by Koha